000 00549nam a2200205Ia 4500
005 20250508160544.0
008 008 250505s9999 xx 000 0 eng d
037 _aTextual
040 _aFEDL
_beng
_cFEDL
041 _aeng
_2eng
084 _a025.4, SAY
_qFEDL
100 _aSayers W C Berwick
245 0 _aManual of classification for librarians
250 _a4th
260 _aLondon, UK
_bAndre Deutsch
_c1959
300 _a404p.
650 _aLibrary Science
942 _cTEXL
_h025.4, SAY
999 _c1365318
_d1365318